000 00764nam a22002177a 4500
999 _c14308
_d14308
003 MIRAKIL
005 20201223124542.0
008 201223b tu ||||| |||| 00| 0 tur d
040 _aTR-AnCHP
_cTR-AnCHP
041 _aTUR
082 _aATA 811.42
_bD23g 1973
100 _aDağlarca, Fazıl Hüsnü
245 _aGazi Mustafa Kemal Atatürk/
_cFazıl Hüsnü Dağlarca.
260 _aAnkara:
_bTürk Dil Kurumu,
_c1973.
300 _a213 + 38 + 85 s. ;
_c19 sm.
490 _aTürk Dil Kurumu Yayınları;
_aAtatürk Dizisi;
_v378.
_v12.
501 _aO,19 Mayıs destanı, Anıtkabir.
600 1 4 _91465
_aAtatürk, Gazi Mustafa Kemal
_cTürkiye Cumhuriyeti Cumhurbaşkanı
_d1881-1938
_xŞiirler
650 0 _919
_aTürk edebiyatı
_xŞiirler
942 _2ddc
_cBKS